Statistics for 20-21 Top 10 NBA Point Guards

Click here to take the quiz!

General Stats

  • This quiz has been taken 24 times
  • The average score is 7 of 10

Answer Stats

RankPlayer% Correct
1Stephen Curry
95%
9Russell Westbrook
86%
3Damian Lillard
82%
2Luka Doncic
82%
4Chris Paul
73%
5Trae Young
73%
7Kyrie Irving
68%
6Jrue Holiday
59%
10Kyle Lowry
45%
8Ja Morant
41%

Score Distribution

Percentile by Number Answered

Percent of People with Each Score

Your Score History

You have not taken this quiz